[Event "2nd GMA World Cup prel  #1"]
[Site "Belgrade YUG"]
[Date "1988.??.??"]
[Round "?"]
[White "Liu Wenzhe"]
[Black "Morovic Fernandez, Ivan"]
[Result "0-1"]
[WhiteElo "2395"]
[BlackElo "2545"]
[EventDate "1988.12.??"]
[PlyCount "70"]

1.e4 c5 2.Nf3 Nc6 3.d4 cxd4 4.Nxd4 Nf6 5.Nc3 e5 6.Ndb5 d6 7.Bg5 a6 8.Na3 
b5 9.Bxf6 gxf6 10.Nd5 Bg7 11.Bd3 Ne7 12.Nxe7 Qxe7 13.c4 f5 14.cxb5 d5 15.
exd5 e4 16.O-O Bxb2 17.Qc2 Qxa3 18.Qc6+ Bd7 19.Qxa8+ Ke7 20.Qb7 Bxa1 21.
Rxa1 Qxd3 22.bxa6 Qb5 23.Rb1 Qxb7 24.Rxb7 Rc8 25.g4 Rc2 26.a4 Rc4 27.gxf5 
Rxa4 28.a7 Kd6 29.h4 f6 30.h5 Bxf5 31.Kg2 Kxd5 32.Rb5+ Ke6 33.Rb6+ Ke5 34.
Rb7 Kf4 35.Rg7 Bg4 0-1

[Event "2nd GMA World Cup prel  #1"]
[Site "Belgrade YUG"]
[Date "1988.??.??"]
[Round "?"]
[White "Liu Wenzhe"]
[Black "Olafsson, Helgi"]
[Result "0-1"]
[WhiteElo "2395"]
[BlackElo "2525"]
[EventDate "1988.12.??"]
[PlyCount "104"]

1.e4 c5 2.Nf3 d6 3.d4 cxd4 4.Nxd4 Nf6 5.Nc3 a6 6.Be2 e5 7.Nb3 Be7 8.O-O 
O-O 9.Re1 Be6 10.Bf1 Nbd7 11.a4 b6 12.h3 Re8 13.Qd3 g6 14.Bh6 Qc7 15.Nd2 
Rec8 16.Qf3 Bf8 17.Bxf8 Kxf8 18.Rad1 Kg7 19.Ndb1 Qc5 20.b3 Nb8 21.Qe3 Rd8 
22.Qxc5 bxc5 23.f4 Nc6 24.fxe5 Nxe5 25.Nd2 Nfd7 26.Be2 Nc6 27.Nf3 Nde5 28.
Nxe5 Nxe5 29.Nd5 Ra7 30.Rd2 Bxd5 31.exd5 f5 32.a5 Rb8 33.Ra1 Rb4 34.Ra3 
Kf6 35.c3 Re4 36.Rb2 Re3 37.Rc2 f4 38.Ra4 g5 39.b4 c4 40.Ra1 Nd3 41.Rd1 
Ke5 42.Rcd2 Rc7 43.Kf1 Ke4 44.Bf3+ Rxf3+ 45.gxf3+ Kxf3 46.Re2 h5 47.Re6 
Rd7 48.Rd2 g4 49.hxg4 hxg4 50.Rh2 g3 51.Rh4 Nf2 52.Kg1 Ne4 0-1

[Event "2nd GMA World Cup prel  #1"]
[Site "Belgrade YUG"]
[Date "1988.??.??"]
[Round "?"]
[White "Liu Wenzhe"]
[Black "Vaiser, Anatoly"]
[Result "1-0"]
[WhiteElo "2395"]
[BlackElo "2530"]
[EventDate "1988.12.??"]
[PlyCount "102"]

1.e4 e6 2.d4 d5 3.Nc3 Nf6 4.e5 Nfd7 5.f4 c5 6.Nf3 Nc6 7.dxc5 Bxc5 8.Bd3 a6
9.a3 b5 10.b4 Ba7 11.Bd2 f5 12.g4 Nb6 13.gxf5 exf5 14.Ne2 Nc4 15.Bxc4 dxc4
16.Bc3 Bb7 17.Rf1 O-O 18.Qxd8 Rfxd8 19.Rd1 Rxd1+ 20.Kxd1 Rd8+ 21.Kc1 Be3+ 
22.Kb2 Ne7 23.Nfd4 g6 24.Ne6 Bg2 25.Re1 Rc8 26.Bd4 Bxd4+ 27.N6xd4 Kf7 28.
Nc3 Bb7 29.a4 bxa4 30.Nxa4 c3+ 31.Kb3 Rd8 32.Ne2 Bd5+ 33.Kxc3 Rc8+ 34.Kd2 
Bc4 35.Nec3 Rb8 36.Rb1 Nc6 37.Nd1 Nxb4 38.Ne3 Be6 39.Nc5 a5 40.c3 Nc6 41.
Rxb8 Nxb8 42.c4 Nc6 43.Kc3 g5 44.Ng2 h6 45.h4 g4 46.Ne3 g3 47.Kd3 Nxe5+ 
48.fxe5 f4 49.Ne4 fxe3 50.Nxg3 a4 51.Ne2 a3 1-0

[Event "2nd GMA World Cup prel  #1"]
[Site "Belgrade YUG"]
[Date "1988.??.??"]
[Round "?"]
[White "Liu Wenzhe"]
[Black "Voiska, Margarita"]
[Result "1/2-1/2"]
[WhiteElo "2395"]
[BlackElo "2350"]
[EventDate "1988.12.??"]
[PlyCount "112"]

1.e4 e6 2.d4 d5 3.Nc3 Nf6 4.e5 Nfd7 5.f4 c5 6.Nf3 Nc6 7.dxc5 Bxc5 8.Bd3 a6
9.a3 b5 10.Bd2 Ba7 11.b4 h6 12.Ne2 Nb6 13.O-O Nc4+ 14.Kh1 Bd7 15.Qe1 Ne7 
16.Ned4 g6 17.Bc1 Nf5 18.c3 a5 19.Nxf5 gxf5 20.Bxc4 dxc4 21.Be3 Bc6 22.
Bxa7 Rxa7 23.Nd4 Bd5 24.Qg3 Kd7 25.Qe3 Rg8 26.Nf3 Qc7 27.Rad1 axb4 28.axb4
Ra2 29.Rf2 Rxf2 30.Qxf2 Qb7 31.Kg1 Ra8 32.Nd4 Ra3 33.Nxf5 Rxc3 34.Qc5 exf5
35.Rxd5+ Ke8 36.Qxb5+ Qxb5 37.Rxb5 Rb3 38.Kf2 c3 39.Ke3 Rb2 40.Rb8+ Kd7 
41.Kd3 Rxg2 42.Kxc3 Rf2 43.Rb6 Rf3+ 44.Kc4 Rxf4+ 45.Kd5 Rh4 46.Rf6 Ke7 47.
b5 Rxh2 48.b6 Rd2+ 49.Kc6 Rc2+ 50.Kb7 h5 51.Ka7 Ra2+ 52.Kb8 h4 53.Rxf5 h3 
54.Rf6 h2 55.Rh6 Rb2 56.b7 Rc2 1/2-1/2

[Event "2nd GMA World Cup prel  #1"]
[Site "Belgrade YUG"]
[Date "1988.??.??"]
[Round "?"]
[White "Ljubisavljevic, Zivojin"]
[Black "Bogdanovski, Vlatko"]
[Result "0-1"]
[WhiteElo "2355"]
[BlackElo "2430"]
[EventDate "1988.12.??"]
[PlyCount "70"]

1.c4 e5 2.Nc3 Bb4 3.g3 Bxc3 4.bxc3 d6 5.Bg2 Ne7 6.Rb1 Nbc6 7.d4 O-O 8.Ba3 
Rb8 9.c5 d5 10.e3 Bf5 11.Rc1 Na5 12.Ra1 Nc4 13.Bc1 Qd7 14.Nf3 e4 15.Nd2 
Bg4 16.Qc2 Nxd2 17.Bxd2 b6 18.c4 Bf3 19.Bxf3 exf3 20.cxd5 bxc5 21.Qxc5 
Nxd5 22.h4 Nf6 23.Rc1 Rb2 24.Rd1 Ne4 25.Qc4 h5 26.d5 Qf5 27.Rh2 Rd8 28.Bc1
Re2+ 29.Kf1 Nxg3+ 30.Kg1 Ne4 31.Qxc7 Rxd5 32.Rf1 Kh7 33.Qf4 Qg4+ 34.Kh1 
Qxf4 35.exf4 Rxa2 0-1

[Event "2nd GMA World Cup prel  #1"]
[Site "Belgrade YUG"]
[Date "1988.??.??"]
[Round "?"]
[White "Ljubisavljevic, Zivojin"]
[Black "Paunovic, Tomislav"]
[Result "0-1"]
[WhiteElo "2355"]
[BlackElo "2420"]
[EventDate "1988.12.??"]
[PlyCount "79"]

1.e4 c5 2.f4 g6 3.Nf3 Bg7 4.c3 d5 5.e5 Nc6 6.d4 cxd4 7.Nxd4 Nh6 8.Bb5 Bd7 
9.Nb3 Nxe5 10.Bxd7+ Nxd7 11.Qxd5 Qb6 12.Na3 Rd8 13.Qf3 Nf5 14.Bd2 Nc5 15.
Nxc5 Qxb2 16.Rd1 Qxa3 17.Nxb7 Rc8 18.O-O O-O 19.g4 Nd6 20.Nxd6 Qxd6 21.
Rfe1 e6 22.f5 exf5 23.gxf5 Rc4 24.Be3 Qa6 25.Bd4 Bxd4+ 26.cxd4 Qf6 27.d5 
Rd8 28.Re3 Qg5+ 29.Kh1 Rf4 30.Qe2 Qxf5 31.Re5 Qf6 32.Kg2 Kg7 33.h3 Rd6 34.
Qe3 h5 35.Rd4 Rxd4 36.Qxd4 Ra6 37.a4 Rxa4 38.Qxa4 Qxe5 39.Qc6 Qe2+ 40.Kg3 
0-1

[Event "2nd GMA World Cup prel  #1"]
[Site "Belgrade YUG"]
[Date "1988.??.??"]
[Round "?"]
[White "Lobron, Eric"]
[Black "Abramovic, Bosko"]
[Result "0-1"]
[WhiteElo "2530"]
[BlackElo "2445"]
[EventDate "1988.12.??"]
[PlyCount "82"]

1.Nf3 Nf6 2.c4 e6 3.Nc3 d5 4.d4 Be7 5.Bg5 h6 6.Bh4 O-O 7.e3 b6 8.Rc1 Bb7 
9.Bxf6 Bxf6 10.cxd5 exd5 11.Bd3 c6 12.Bb1 Re8 13.O-O Nd7 14.Ne2 Nf8 15.Nf4
g6 16.Nd3 Qd6 17.Nfe5 Bg7 18.Qg4 c5 19.f4 cxd4 20.exd4 f6 21.Nf3 Re4 22.
Qg3 Ba6 23.Rfd1 Rd8 24.Nf2 Rxf4 25.Nh3 Re4 26.Qxd6 Rxd6 27.Bxe4 dxe4 28.
Ne1 f5 29.Nc2 Ne6 30.d5 Nc5 31.Nb4 Be2 32.Rd2 Bb5 33.Rdc2 Kf7 34.Kh1 a5 
35.Rxc5 bxc5 36.Rxc5 axb4 37.Rxb5 Bxb2 38.Nf4 Kf6 39.g3 Bc3 40.Rc5 g5 41.
Ng2 Bd2 0-1

[Event "2nd GMA World Cup prel  #1"]
[Site "Belgrade YUG"]
[Date "1988.??.??"]
[Round "?"]
[White "Lobron, Eric"]
[Black "Apicella, Manuel"]
[Result "1-0"]
[WhiteElo "2530"]
[BlackElo "2370"]
[EventDate "1988.12.??"]
[PlyCount "107"]

1.Nf3 Nf6 2.c4 g6 3.Nc3 Bg7 4.g3 O-O 5.Bg2 d6 6.O-O e5 7.d3 Nc6 8.Bg5 h6 
9.Bxf6 Bxf6 10.Rb1 Bg7 11.b4 a6 12.a4 f5 13.b5 Ne7 14.Nd5 Nxd5 15.cxd5 
axb5 16.axb5 Bd7 17.Qc2 Rf7 18.Rfc1 Be8 19.e4 Bf6 20.d4 exd4 21.exf5 gxf5 
22.Rd1 Ra5 23.Bf1 f4 24.Nxd4 Bxd4 25.Rxd4 fxg3 26.hxg3 Rg7 27.Qd2 Qf6 28.
Rf4 Qg5 29.Re1 Ra8 30.Qd4 Bd7 31.Re3 Re8 32.Rxe8+ Bxe8 33.Bd3 Bg6 34.Bxg6 
Qxg6 35.Re4 b6 36.Re6 Qb1+ 37.Kg2 Kh7 38.Qf4 Rg6 39.Qf8 Qb2 40.Re7+ Rg7 
41.Qf5+ Kh8 42.Qf8+ Kh7 43.Qf5+ Kh8 44.Re8+ Rg8 45.Rxg8+ Kxg8 46.Qc8+ Kf7 
47.Qxc7+ Ke8 48.Qxd6 Qxb5 49.Qg6+ Kf8 50.Qxh6+ Kf7 51.Qe6+ Kg7 52.Qc6 Qd3 
53.d6 b5 54.Qd7+ 1-0

[Event "2nd GMA World Cup prel  #1"]
[Site "Belgrade YUG"]
[Date "1988.??.??"]
[Round "?"]
[White "Lobron, Eric"]
[Black "Shneider, Alexander"]
[Result "1/2-1/2"]
[WhiteElo "2530"]
[BlackElo "2465"]
[EventDate "1988.12.??"]
[PlyCount "62"]

1.Nf3 Nf6 2.g3 d5 3.Bg2 c6 4.b3 Bf5 5.Bb2 e6 6.O-O h6 7.d3 Be7 8.c4 O-O 9.
Na3 Bh7 10.Nc2 a5 11.Bh3 a4 12.Ncd4 Na6 13.Ne5 Nc5 14.Bc3 Bd6 15.f4 Ncd7 
16.Kh1 Qe7 17.Ndf3 Bb4 18.Qe1 Bxc3 19.Qxc3 Nxe5 20.Nxe5 Rfe8 21.Rfb1 Nd7 
22.cxd5 cxd5 23.Nxd7 Qxd7 24.Qb4 Bf5 25.Bg2 Bg4 26.e4 dxe4 27.dxe4 Qd3 28.
Qc4 Be2 29.Qxd3 Bxd3 30.Rb2 axb3 31.Rxb3 Bc4 1/2-1/2

[Event "2nd GMA World Cup prel  #1"]
[Site "Belgrade YUG"]
[Date "1988.??.??"]
[Round "?"]
[White "Lobron, Eric"]
[Black "Westerinen, Heikki"]
[Result "1/2-1/2"]
[WhiteElo "2530"]
[BlackElo "2395"]
[EventDate "1988.12.??"]
[PlyCount "102"]

1.c4 e5 2.g3 f5 3.d4 exd4 4.Qxd4 Nc6 5.Qd3 d5 6.cxd5 Nb4 7.Qb3 Qxd5 8.Qxd5
Nxd5 9.a3 Ngf6 10.Bg2 Bd7 11.Nf3 O-O-O 12.O-O g6 13.b4 Bg7 14.Bb2 Rhe8 15.
e3 Nb6 16.Nbd2 Bc6 17.Rfc1 Re7 18.Nb3 Bd5 19.Nc5 Nc4 20.Bd4 b6 21.Nd3 Bxf3
22.Bxf3 Nd2 23.Bd1 Nfe4 24.Bxg7 Rxd3 25.Bd4 Nb3 26.Bxb3 Rxb3 27.Rc2 Kb7 
28.Kg2 Rd7 29.h3 Ng5 30.g4 Nxh3 31.gxf5 Nf4+ 32.exf4 Rxd4 33.Rh1 Rd7 34.
fxg6 hxg6 35.Rh3 Rxh3 36.Kxh3 Rd3+ 37.Kg4 Rxa3 38.Kg5 Ra4 39.Rb2 c5 40.
bxc5 Kc6 41.cxb6 axb6 42.Re2 Kd6 43.Re3 Ra2 44.Kxg6 Rxf2 45.f5 Rg2+ 46.Kf7
Rf2 47.f6 b5 48.Re6+ Kd5 49.Ke7 b4 50.f7 b3 51.Rd6+ Kc4 1/2-1/2

[Event "2nd GMA World Cup prel  #1"]
[Site "Belgrade YUG"]
[Date "1988.??.??"]
[Round "?"]
[White "Loginov, Valery"]
[Black "Apicella, Manuel"]
[Result "1-0"]
[WhiteElo "2455"]
[BlackElo "2370"]
[EventDate "1988.12.??"]
[PlyCount "119"]

1.Nf3 Nf6 2.c4 g6 3.Nc3 Bg7 4.e4 d6 5.d4 O-O 6.Be2 Nbd7 7.Qc2 e5 8.d5 a5 
9.Bg5 Nc5 10.Nd2 h6 11.Bh4 c6 12.O-O Qc7 13.Rfc1 Nh7 14.b3 f5 15.f3 h5 16.
a3 Bh6 17.Be1 fxe4 18.fxe4 Be3+ 19.Kh1 Bg4 20.b4 axb4 21.axb4 Rxa1 22.Rxa1
Bxe2 23.Nxe2 Qf7 24.h3 Na6 25.Nf3 cxd5 26.cxd5 Qd7 27.Neg1 g5 28.Qe2 Bb6 
29.Nh2 Qf7 30.Ngf3 Rc8 31.Bd2 Bd8 32.Nf1 g4 33.hxg4 hxg4 34.N3h2 Nf6 35.
Nxg4 Qh7+ 36.Nh6+ Kh8 37.Ng3 Nxb4 38.Nf5 Nc2 39.Rc1 Qd7 40.Bg5 Nd4 41.Rxc8
Nxe2 42.Rxd8+ Qxd8 43.Nf7+ Kh7 44.Nxd8 Nxe4 45.Be7 Kg6 46.Ne3 b5 47.Nc6 
Nf4 48.Nb4 Kf7 49.Bh4 Ng6 50.Be1 Kf6 51.g3 Kg5 52.Kg2 Nc5 53.Kf3 e4+ 54.
Ke2 Ne5 55.Bc3 Nf3 56.Nbc2 Nd3 57.Nd4 Nxd4+ 58.Bxd4 b4 59.Kd2 Nf2 60.Bg7 
1-0

[Event "2nd GMA World Cup prel  #1"]
[Site "Belgrade YUG"]
[Date "1988.??.??"]
[Round "?"]
[White "Loginov, Valery"]
[Black "Lputian, Smbat"]
[Result "1-0"]
[WhiteElo "2455"]
[BlackElo "2540"]
[EventDate "1988.12.??"]
[PlyCount "107"]

1.Nf3 d5 2.g3 c6 3.Bg2 Bg4 4.d3 Nd7 5.h3 Bh5 6.Nbd2 e6 7.e4 Bd6 8.Qe2 Ne7 
9.a4 Qc7 10.O-O O-O 11.Re1 f6 12.d4 a5 13.c3 Rae8 14.Qf1 Kh8 15.b3 e5 16.
Bb2 Bxf3 17.Bxf3 exd4 18.cxd4 Bb4 19.Red1 Nb6 20.Qd3 Rd8 21.Rac1 Qd7 22.
Bg2 Rfe8 23.e5 fxe5 24.dxe5 c5 25.Nf3 Kg8 26.e6 Qxe6 27.Qxh7+ Kxh7 28.Ng5+
Kg8 29.Nxe6 Rc8 30.Nxg7 Red8 31.Ne6 Rd7 32.h4 d4 33.Ng5 Rf8 34.Ne4 Rd5 35.
Rd3 Ng6 36.f4 Ne7 37.Ng5 Rd7 38.Bh3 Rd6 39.Ne6 Rc8 40.f5 Rcc6 41.Rf1 Nd7 
42.Bc1 Ne5 43.Rdd1 Nd5 44.Bf4 Nxf4 45.gxf4 Nd7 46.Rf3 Nf8 47.Rg3+ Kf7 48.
h5 c4 49.bxc4 d3 50.h6 Bc3 51.c5 Rd5 52.Rgxd3 Rxd3 53.Rxd3 Bf6 54.Bg2 1-0

[Event "2nd GMA World Cup prel  #1"]
[Site "Belgrade YUG"]
[Date "1988.??.??"]
[Round "?"]
[White "Loginov, Valery"]
[Black "Wang Zili"]
[Result "1/2-1/2"]
[WhiteElo "2455"]
[BlackElo "2310"]
[EventDate "1988.12.??"]
[PlyCount "106"]

1.Nf3 c5 2.g3 Nc6 3.Bg2 g6 4.O-O Bg7 5.e4 Nf6 6.d3 O-O 7.Nbd2 d6 8.c3 Bd7 
9.a3 Qc8 10.Rb1 Bg4 11.Qc2 Rd8 12.b4 cxb4 13.axb4 d5 14.b5 Nb8 15.Ba3 dxe4
16.dxe4 Re8 17.Qa4 Nbd7 18.Rfc1 Nb6 19.Qb3 Bh6 20.Rc2 Nfd7 21.h3 Nc5 22.
Bxc5 Bxf3 23.Bxb6 Bxg2 24.Kxg2 axb6 25.Nf3 Qc5 26.Rd1 Rad8 27.Rd5 Rxd5 28.
Qxd5 Qxd5 29.exd5 Bg7 30.c4 Rc8 31.Ra2 Bc3 32.Ra7 Rc7 33.Ra8+ Kg7 34.Rb8 
Kf6 35.g4 h6 36.h4 g5 37.hxg5+ hxg5 38.Rg8 Rxc4 39.Rxg5 Rb4 40.Kg3 Rb3 41.
Kg2 Bb2 42.Rf5+ Kg7 43.Ng5 Bf6 44.Ne4 Rxb5 45.Nxf6 exf6 46.Kf3 Rc5 47.Ke4 
b5 48.g5 fxg5 49.d6 Rc4+ 50.Kd3 Rc1 51.Kd2 Rc8 52.Rxg5+ Kf6 53.Rxb5 Rd8 
1/2-1/2

[Event "2nd GMA World Cup prel  #1"]
[Site "Belgrade YUG"]
[Date "1988.??.??"]
[Round "?"]
[White "Los, Sander"]
[Black "Gurgenidze, Bukhuti"]
[Result "0-1"]
[WhiteElo "2340"]
[BlackElo "2365"]
[EventDate "1988.12.??"]
[PlyCount "122"]

1.e4 c6 2.d3 d5 3.Nd2 Na6 4.Ngf3 Nc7 5.g3 Bg4 6.h3 Bxf3 7.Qxf3 e6 8.Bg2 
Bc5 9.O-O Ne7 10.c3 a6 11.d4 Ba7 12.Qe2 Qd7 13.Nf3 Ng6 14.h4 O-O-O 15.e5 
c5 16.Be3 cxd4 17.cxd4 Ne7 18.Qd2 Kb8 19.a4 Na8 20.Rfb1 Nb6 21.b3 Rc8 22.
Bf1 Nf5 23.Bf4 h6 24.Bd3 Ne7 25.Qe1 Rhg8 26.Bc1 Rc7 27.h5 Nc6 28.a5 Na8 
29.Be3 Rcc8 30.b4 Nc7 31.Qe2 Ka8 32.b5 axb5 33.Bxb5 Nxb5 34.Rxb5 Nb8 35.
Rab1 Rc7 36.Ne1 Na6 37.Qg4 Qc8 38.Nd3 Nb8 39.Qd1 Na6 40.Nb2 Rd8 41.Na4 
Rdd7 42.Kg2 Rc4 43.Qb3 Rdc7 44.Ra1 Kb8 45.Rd1 Qf8 46.Rb1 Qe7 47.Nb6 Bxb6 
48.Rxb6 R4c6 49.Rb5 Kc8 50.Qd1 Rc4 51.Qg4 Qf8 52.Rxd5 Rb4 53.Rd1 Rcc4 54.
Rd6 Nc7 55.Bc1 Ra4 56.Qf3 Rxa5 57.Ba3 Qe8 58.Rb1 Nd5 59.Bc5 Raa4 60.Qg4 
Rxc5 61.Qxg7 Rc2 0-1

[Event "2nd GMA World Cup prel  #1"]
[Site "Belgrade YUG"]
[Date "1988.??.??"]
[Round "?"]
[White "Los, Sander"]
[Black "Jokic, Miodrag"]
[Result "1-0"]
[WhiteElo "2340"]
[BlackElo "2300"]
[EventDate "1988.12.??"]
[PlyCount "117"]

1.e4 d6 2.d4 Nf6 3.Nc3 g6 4.f4 Bg7 5.Nf3 O-O 6.Be2 c5 7.dxc5 Qa5 8.O-O 
Qxc5+ 9.Kh1 Nc6 10.Bd3 Bg4 11.Qe1 Nb4 12.Be3 Nxd3 13.cxd3 Qa5 14.Nd4 Bd7 
15.Nb3 Qd8 16.Bd4 Bc6 17.Qf2 e5 18.Bxa7 Ng4 19.Qg1 exf4 20.Rxf4 Qg5 21.Rf3
f5 22.Bd4 Be5 23.Bxe5 dxe5 24.Raf1 f4 25.g3 Rf6 26.gxf4 exf4 27.h3 h5 28.
hxg4 hxg4 29.Rh3 Kg7 30.Nd4 g3 31.Nxc6 Qg4 32.Qg2 bxc6 33.Kg1 Rh8 34.Rxh8 
Kxh8 35.Qf3 Qh4 36.Qh1 Qxh1+ 37.Kxh1 f3 38.Kg1 Rf4 39.e5 g2 40.Rf2 g5 41.
Ne4 g4 42.Rc2 Kg7 43.Rxc6 Rf5 44.Kf2 Rh5 45.Rc1 Rh1 46.Rg1 Kf7 47.Ng3 Rh3 
48.Nf5 Ke6 49.Ne3 Kxe5 50.Nxg4+ Kf4 51.Ne3 Rh1 52.Nxg2+ fxg2 53.Kxg2 Rh8 
54.Kf2 Rh3 55.Rg8 Rh2+ 56.Rg2 Rh1 57.Ke2 Rb1 58.Rf2+ Kg3 59.Ke3 1-0

[Event "2nd GMA World Cup prel  #1"]
[Site "Belgrade YUG"]
[Date "1988.??.??"]
[Round "?"]
[White "Los, Sander"]
[Black "Lin Ta"]
[Result "1-0"]
[WhiteElo "2340"]
[BlackElo "2380"]
[EventDate "1988.12.??"]
[PlyCount "92"]

1.e4 e5 2.Nf3 Nc6 3.Bb5 a6 4.Ba4 Nf6 5.O-O Be7 6.Re1 b5 7.Bb3 O-O 8.c3 d6 
9.d4 Bg4 10.Be3 exd4 11.cxd4 Na5 12.Bc2 c5 13.dxc5 dxc5 14.Nbd2 Nd7 15.h3 
Bh5 16.Rc1 Re8 17.b3 Rc8 18.g4 Bg6 19.Nf1 c4 20.Ng3 Bb4 21.Bd2 Bxd2 22.
Qxd2 cxb3 23.axb3 Ne5 24.Qe3 Nxf3+ 25.Qxf3 Nc6 26.Qe3 Qd4 27.Rcd1 Qxe3 28.
Rxe3 Nb4 29.Bb1 f6 30.Nf5 Bxf5 31.exf5 Rxe3 32.fxe3 Kf8 33.Kf2 Ke7 34.Rd4 
Nc6 35.Rd2 Nb4 36.Rd4 a5 37.Bd3 Nxd3+ 38.Rxd3 a4 39.bxa4 bxa4 40.Kf3 Ra8 
41.Ra3 Kd6 42.g5 fxg5 43.Kg4 h6 44.Kh5 Ke5 45.Kg6 Ra6+ 46.Kxg7 Kxf5 1-0

[Event "2nd GMA World Cup prel  #1"]
[Site "Belgrade YUG"]
[Date "1988.??.??"]
[Round "?"]
[White "Los, Sander"]
[Black "Vasiljevic, Dragan"]
[Result "1-0"]
[WhiteElo "2340"]
[BlackElo "2325"]
[EventDate "1988.12.??"]
[PlyCount "125"]

1.e4 e6 2.d3 d5 3.Nd2 c5 4.Ngf3 Nc6 5.g3 g6 6.Bg2 Bg7 7.O-O Nge7 8.Re1 b6 
9.c3 a5 10.a4 h6 11.exd5 Nxd5 12.Nc4 O-O 13.Nfe5 Nce7 14.Na3 Rb8 15.Nb5 
Bb7 16.d4 cxd4 17.Nxd4 Ba8 18.Qe2 Qc8 19.Nb5 Nf5 20.Bd2 Kh7 21.Rad1 Nf6 
22.Na7 Qc7 23.Nac6 Rbe8 24.b4 Nd5 25.b5 Bxc6 26.bxc6 Bxe5 27.Qxe5 Qxc6 28.
Rc1 f6 29.Qe2 Qxa4 30.c4 Nb4 31.c5 bxc5 32.Rxc5 Rf7 33.Rec1 Qa3 34.Be4 
Ree7 35.h4 h5 36.g4 Nd4 37.Qd1 f5 38.R5c3 Qa2 39.gxh5 Rg7 40.Bb1 Qd5 41.
Rg3 Nf3+ 42.Rxf3 gxh5+ 43.Bg5 Qxd1+ 44.Rxd1 Ra7 45.Rd6 Rg6 46.Re3 a4 47.
Rexe6 Rxe6 48.Bxf5+ Kg7 49.Rxe6 a3 50.Bf6+ Kf7 51.Ba1 Rc7 52.Rb6 Rc1+ 53.
Kg2 Rxa1 54.Rxb4 Kf6 55.Rb1 Ra2 56.Bh7 Kg7 57.Be4 Kf6 58.Rb5 Re2 59.Kf3 a2
60.Ra5 Rb2 61.Ke3 Ke7 62.Ra6 Kd7 63.Bd5 1-0

[Event "2nd GMA World Cup prel  #1"]
[Site "Belgrade YUG"]
[Date "1988.??.??"]
[Round "?"]
[White "Los, Sander"]
[Black "Zlotnik, Boris"]
[Result "0-1"]
[WhiteElo "2340"]
[BlackElo "2440"]
[EventDate "1988.12.??"]
[PlyCount "102"]

1.e4 e6 2.d3 c5 3.Nf3 Nc6 4.g3 d5 5.Nbd2 g6 6.Bg2 Bg7 7.O-O Nge7 8.Re1 h6 
9.c3 b6 10.Rb1 O-O 11.e5 Qc7 12.d4 cxd4 13.cxd4 Nb4 14.Nf1 Ba6 15.Re3 Qc2 
16.Qxc2 Nxc2 17.Rc3 Rfc8 18.Bd2 Nf5 19.Rxc8+ Rxc8 20.Bc3 h5 21.Bh3 Na3 22.
Bxf5 gxf5 23.Rc1 Bh6 24.Ne3 Be2 25.Ne1 Nb5 26.Rc2 Nxc3 27.bxc3 Bb5 28.N1g2
Kh7 29.f3 Bf8 30.Nf4 Ba4 31.Rc1 Ba3 32.Re1 Kh6 33.c4 dxc4 34.d5 Bd7 35.Kg2
c3 36.Nc2 Bc5 37.h4 exd5 38.Nxd5 Be6 39.Nxc3 a5 40.Re2 b5 41.Rd2 b4 42.Na4
Ba7 43.Na1 f4 44.Nb3 Be3 45.Re2 Rg8 46.Nac5 Rxg3+ 47.Kh2 Bg1+ 48.Kh1 Bxc5 
49.Nxc5 Rxf3 50.Rd2 Kg6 51.Rg2+ Bg4 0-1

[Event "2nd GMA World Cup prel  #1"]
[Site "Belgrade YUG"]
[Date "1988.??.??"]
[Round "?"]
[White "Makarichev, Sergei"]
[Black "Ciric, Dragoljub"]
[Result "1/2-1/2"]
[WhiteElo "2500"]
[BlackElo "2395"]
[EventDate "1988.12.??"]
[PlyCount "35"]

1.c4 e6 2.Nc3 d5 3.d4 Nf6 4.cxd5 exd5 5.Bg5 Be7 6.e3 c6 7.Qc2 Nbd7 8.Bd3 
Nh5 9.Bxe7 Qxe7 10.O-O-O Nb6 11.Kb1 g6 12.Nge2 Bd7 13.Na4 Nxa4 14.Qxa4 Ng7
15.Ng3 h5 16.h4 Qf6 17.Qc2 O-O-O 18.e4 1/2-1/2

[Event "2nd GMA World Cup prel  #1"]
[Site "Belgrade YUG"]
[Date "1988.??.??"]
[Round "?"]
[White "Makarichev, Sergei"]
[Black "Maric, Dragan"]
[Result "1/2-1/2"]
[WhiteElo "2500"]
[BlackElo "2370"]
[EventDate "1988.12.??"]
[PlyCount "108"]

1.c4 e5 2.Nc3 Nc6 3.g3 g6 4.Bg2 Bg7 5.d3 d6 6.Rb1 f5 7.b4 Nf6 8.e3 O-O 9.
Nge2 Ne7 10.O-O c6 11.b5 c5 12.e4 Qc7 13.f4 Rb8 14.Bb2 b6 15.Qd2 Bb7 16.
Rbe1 Rbe8 17.a4 Qb8 18.Kh1 Qa8 19.Ng1 Bh6 20.Nh3 Nh5 21.Bf3 Ng7 22.Qg2 Ne6
23.fxe5 dxe5 24.exf5 Bxf3 25.Qxf3 Qxf3+ 26.Rxf3 Nd4 27.Rff1 Nexf5 28.g4 
Nh4 29.g5 Bg7 30.Ne4 Nc2 31.Rc1 Nb4 32.Rxf8+ Rxf8 33.Nhf2 Rd8 34.Rd1 Nf5 
35.Bc3 Nd4 36.Kg2 h6 37.h4 Nf5 38.Kh3 hxg5 39.hxg5 Kf7 40.Rd2 Ne3 41.Re2 
Nf5 42.Rd2 Nc2 43.Kg2 Ke6 44.a5 Nfe3+ 45.Kf3 Rf8+ 46.Ke2 Nd4+ 47.Bxd4 exd4
48.axb6 axb6 49.Ra2 Kf5 50.Ra6 Rb8 51.Kf3 Be5 52.Ra7 Ke6 53.Ra6 Kf5 54.Ra7
Ke6 1/2-1/2

[Event "2nd GMA World Cup prel  #1"]
[Site "Belgrade YUG"]
[Date "1988.??.??"]
[Round "?"]
[White "Makarichev, Sergei"]
[Black "Pavlovic, Milos"]
[Result "1-0"]
[WhiteElo "2500"]
[BlackElo "2390"]
[EventDate "1988.12.??"]
[PlyCount "47"]

1.c4 Nf6 2.Nc3 g6 3.e4 d6 4.g3 Bg7 5.Bg2 O-O 6.Nge2 e5 7.O-O c6 8.d3 a6 9.
b4 Nbd7 10.a4 a5 11.b5 Re8 12.h3 Nb6 13.Rb1 Be6 14.Bg5 h6 15.Be3 Nfd7 16.
Qd2 Nc5 17.Bxh6 Bxh6 18.Qxh6 Nxd3 19.bxc6 Nxc4 20.f4 Nd2 21.f5 Nxf1 22.
Rxf1 bxc6 23.f6 Qb6+ 24.Kh2 1-0

[Event "2nd GMA World Cup prel  #1"]
[Site "Belgrade YUG"]
[Date "1988.??.??"]
[Round "?"]
[White "Makarichev, Sergei"]
[Black "Ye Rongguang"]
[Result "0-1"]
[WhiteElo "2500"]
[BlackElo "2375"]
[EventDate "1988.12.??"]
[PlyCount "158"]

1.e4 e5 2.Nf3 Nf6 3.d4 Nxe4 4.Bd3 d5 5.Nxe5 Nd7 6.Nxd7 Bxd7 7.O-O Qh4 8.c4
O-O-O 9.c5 g5 10.Be3 Re8 11.f3 Nf6 12.Bf2 Qh6 13.Nc3 g4 14.f4 g3 15.Bxg3 
Rg8 16.Qf3 Bg4 17.Qf2 Ne4 18.Bxe4 dxe4 19.Rfe1 f5 20.d5 Qa6 21.Qe3 Qc4 22.
Bf2 Bf3 23.g3 Rd8 24.Rac1 Qa6 25.d6 c6 26.b4 Bg7 27.b5 Qa5 28.Qd2 Bxc3 29.
Rxc3 Qxb5 30.Rb3 Qa6 31.Qb2 Kb8 32.Ra3 Qc4 33.Qf6 Rdf8 34.Qe5 Ka8 35.d7 
Rb8 36.Qc7 Be2 37.Qe5 Bd3 38.Qxf5 Rbd8 39.Qxh7 Rh8 40.Qg7 Qd5 41.Qc3 a6 
42.Ra4 Rh7 43.Rd4 Qxa2 44.h4 Qg8 45.f5 Rg7 46.Kg2 Rgxd7 47.Rxd7 Rxd7 48.
Qe5 Rd5 49.Qf4 e3 50.Qxe3 Bxf5 51.Qe8+ Qxe8 52.Rxe8+ Ka7 53.h5 a5 54.h6 
Rd7 55.Re5 Bc2 56.g4 Ka6 57.g5 a4 58.Re6 Rd5 59.Bh4 Rd4 60.Bg3 Rg4 61.Re5 
a3 62.Re3 a2 63.Ra3+ Ra4 64.Rxa4+ Bxa4 65.Be5 Bc2 66.Kf2 Kb5 67.Ke3 Kxc5 
68.Kd2 Bf5 69.Kc1 Kd5 70.Bf6 Kc4 71.Kb2 a1=Q+ 72.Kxa1 Kb3 73.g6 Bxg6 74.
Be7 b6 75.Bd6 Bh7 76.Be7 Bd3 77.Bh4 b5 78.Be7 b4 79.Bd6 Bg6 0-1

[Event "2nd GMA World Cup prel  #1"]
[Site "Belgrade YUG"]
[Date "1988.??.??"]
[Round "?"]
[White "Maksimovic, Branimir"]
[Black "Liu Wenzhe"]
[Result "0-1"]
[WhiteElo "2435"]
[BlackElo "2395"]
[EventDate "1988.12.??"]
[PlyCount "105"]

1.d4 Nf6 2.c4 c5 3.d5 e6 4.Nc3 exd5 5.cxd5 d6 6.Nf3 g6 7.Nd2 Nbd7 8.e4 Bg7
9.Be2 O-O 10.O-O Re8 11.a4 a6 12.Ra3 b6 13.f4 Rb8 14.Qe1 c4 15.Nxc4 b5 16.
axb5 axb5 17.Nxd6 b4 18.Nxe8 Nxe8 19.Ra2 bxc3 20.bxc3 Qb6+ 21.Kh1 Qb1 22.
Ra7 Qxe4 23.Bb5 Qxe1 24.Rxe1 Nef6 25.c4 Nc5 26.Ba3 Nce4 27.Be7 Ng4 28.d6 
Nef2+ 29.Kg1 Nd3 30.Kf1 Nxh2+ 31.Ke2 Nxf4+ 32.Kd2 Nxg2 33.Rea1 Nf3+ 34.Ke2
Bxa1 35.Kxf3 Bb7+ 36.Rxb7 Ne1+ 37.Ke4 Rxb7 38.d7 f5+ 39.Kd5 Rxd7+ 40.Bxd7 
Kf7 41.Bd6 Ng2 42.c5 Ne3+ 43.Kc6 Kf6 44.Bf4 Bd4 45.Kd6 g5 46.Bxe3 Bxe3 47.
c6 Bf4+ 48.Kd5 g4 49.Kd4 h5 50.Kd3 h4 51.Ke2 Bc7 52.Kf2 h3 53.Bc8 0-1

[Event "2nd GMA World Cup prel  #1"]
[Site "Belgrade YUG"]
[Date "1988.??.??"]
[Round "?"]
[White "Maksimovic, Branimir"]
[Black "Rasidovic, Sead"]
[Result "0-1"]
[WhiteElo "2435"]
[BlackElo "2370"]
[EventDate "1988.12.??"]
[PlyCount "116"]

1.e4 e6 2.d4 d5 3.Nc3 Bb4 4.e5 c5 5.a3 Bxc3+ 6.bxc3 Qc7 7.Nf3 f5 8.c4 Ne7 
9.cxd5 Nxd5 10.Bb5+ Bd7 11.Bxd7+ Qxd7 12.dxc5 Na6 13.O-O Nxc5 14.c4 Nc3 
15.Qe1 Qd3 16.Bd2 N3a4 17.Bb4 b6 18.Qc1 Rd8 19.Ra2 O-O 20.Rd2 Qe4 21.Re1 
Qb7 22.Red1 Rxd2 23.Qxd2 h6 24.Qd6 Re8 25.h3 Kf7 26.Nd4 Kg8 27.Nc6 Kh7 28.
f3 Qf7 29.Rd2 Rc8 30.Nd8 Qe8 31.g4 fxg4 32.hxg4 Kg8 33.Kg2 Kh7 34.Kg3 Kg8 
35.Rd4 Kh7 36.f4 Kg8 37.f5 exf5 38.gxf5 Qh5 39.Qg6 Qxg6+ 40.fxg6 Kf8 41.
Nf7 Ke7 42.Nd6 Rc7 43.Rf4 Ke6 44.Rf7 Rxf7 45.gxf7 Nd7 46.Kh4 Nac5 47.Kh5 
Nf8 48.Bxc5 bxc5 49.a4 Kxe5 50.Ne8 Ke6 51.a5 Kxf7 52.Nd6+ Ke6 53.Nb5 a6 
54.Nc7+ Kd7 55.Nd5 Kd6 56.Kg4 Ng6 57.Ne3 Ne5+ 58.Kf4 g6 0-1